Transcendental vision of Sri Ram (Record no. 177)

MARC details
000 -LEADER
fixed length control field 00862 a2200229 4500
003 - CONTROL NUMBER IDENTIFIER
control field dpl
005 - DATE AND TIME OF LATEST TRANSACTION
control field 20080819140457.0
008 - FIXED-LENGTH DATA ELEMENTS--GENERAL INFORMATION
fixed length control field 080819t xxu||||| |||| 00| 0 eng d
010 ## - LIBRARY OF CONGRESS CONTROL NUMBER
LC control number ENG-84728
020 ## - INTERNATIONAL STANDARD BOOK NUMBER
International Standard Book Number 8189107089
035 ## - SYSTEM CONTROL NUMBER
System control number EN-68261
037 ## - SOURCE OF ACQUISITION
Source of stock number/acquisition DBAD / PUB
040 ## - CATALOGING SOURCE
Original cataloging agency dpl
Language of cataloging English
Transcribing agency dpl
082 ## - DEWEY DECIMAL CLASSIFICATION NUMBER
Classification number 230.1
100 ## - MAIN ENTRY--PERSONAL NAME
Personal name Agarwal, M. L.
245 ## - TITLE STATEMENT
Title Transcendental vision of Sri Ram
Statement of responsibility, etc by M.L. Agarwal
260 ## - PUBLICATION, DISTRIBUTION, ETC. (IMPRINT)
Place of publication, distribution, etc Bhopal
Name of publisher, distributor, etc Indra Publishing House
Date of publication, distribution, etc 2006
270 ## - ADDRESS
Address E-5/21, Arera Colony, Habibganj, Thana Road
City Bhopal
State or province M.P.
Postal code 462016
Telephone number 0755-2465238, 4277445
Electronic mail address landmark_no1@satyam.net.in
300 ## - PHYSICAL DESCRIPTION
Extent 196 p.
Dimensions 24 cm. (Pbk)
942 ## - ADDED ENTRY ELEMENTS (KOHA)
Institution code [OBSOLETE] dpl
Koha item type English Books
Call number prefix 230.1 / AGA
Source of classification or shelving scheme Dewey Decimal Classification
Classification part 230.1
Call number suffix AGA
Holdings
Withdrawn status Lost status Damaged status Not for loan Home library Current library Date acquired Cost, normal purchase price Total Checkouts Full call number Barcode Date last seen Copy number Uniform Resource Identifier Cost, replacement price Price effective from Koha item type
        D.B.Act.Division D.B.Act.Division 19/08/2008 125.00   230.1 AGA EN-68261 15/09/2008 1 186 125.00 15/09/2008 English Books

© Delhi Public Library
Hit Counter
free hit counter